01247nab a22002297a 4500999001500000003000400015005001700019008004100036040000700077100003000084245018000114300001500294500003700309505011400346505026100460650002800721650003200749650003500781700003200816773015600848942001301004 c6223d6223OSt20260126013635.0190514b xxu||||| |||| 00| 0 spa d cPJ 96946aPereyra, Florencia 10aViolencia de género en el ámbito institucional de la Iglesia católica : bun fenómeno reiterado, una sentencia histórica /cFlorencia Pereyra, Emiliano Capogrossi.  ap. 215-224 aCita: TR LALEY AR/DOC/2121/2024. aSumario: I. Palabras preliminares.— II. El caso.— III. Los argumentos del tribunal.— IV. Conclusión.  tFallo comentado: JViol. Fliar y de Género Nro. 3, Salta ~ 03/04/2024 ~ Monasterio San Bernardo de Carmelitas Descalzas c. Cargnello, Mario Antonio; De Elizalde, Martín; Ajaya, Lucio Francisco; Pinto y de Sancristóval, Loyola s/ violencia de género. 09967aDERECHO DE FAMILIA 093053aVIOLENCIA DE GÉNERO 091057aJURISPRUDENCIA APLICABLE 96945aSquizzato, Susana M. 0 0284493222dBuenos Aires : AbeledoPerrot, 1989-tDerecho de familia. Revista Interdisciplinaria de doctrina y jurisprudencia. Octubre 2024-V.z18511201 2udccANA